Statistics for Capital Cities with Spanish Names

Click here to take the quiz!

General Stats

  • This quiz has been taken 11,738 times
    (11,702 since last reset)
  • The average score is 5 of 7

Answer Stats

English Spanish % Correct
Saint JosephSan José
87%
AssumptionAsunción
80%
Saint DominicSanto Domingo
79%
Fair WindsBuenos Aires
76%
The PeaceLa Paz
72%
Holy SaviorSan Salvador
61%
Saint JamesSantiago
51%

Score Distribution

Percentile by Number Answered

Percent of People with Each Score

Your Score History

You have not taken this quiz since the last reset